La compra-venta / (Record no. 52851)

MARC details
000 -LEADER
campo de control de longitud fija 00756nam a2200205 i 4500
001 - NÚMERO DE CONTROL
campo de control 52851
003 - IDENTIFICADOR DE NÚMERO DE CONTROL
campo de control ES-MaACL
005 - FECHA Y HORA DE LA ÚLTIMA TRANSACCIÓN
campo de control 20250727090820.0
007 - CAMPO FIJO DE DESCRIPCIÓN FÍSICA--INFORMACIÓN GENERAL
campo de control de longitud fija t|
008 - DATOS DE LONGITUD FIJA--INFORMACIÓN GENERAL
campo de control de longitud fija 030905s1957 sp ||||1| spa d
100 1# - ENTRADA PRINCIPAL--NOMBRE DE PERSONA
Nombre de persona Degni, Francesco.
9 (RLIN) 43223
245 13 - MENCIÓN DEL TÍTULO
Título La compra-venta /
Mención de responsabilidad, etc. Francisco Degni ; traducción y notas de derecho español por Francisco Bonet Ramón.
260 ## - PUBLICACIÓN, DISTRIBUCIÓN, ETC.
Lugar de publicación, distribución, etc. Madrid :
Nombre del editor, distribuidor, etc. Revista de Derecho Privado,
Fecha de publicación, distribución, etc. 1957.
300 ## - DESCRIPCIÓN FÍSICA
Extensión XV, 447 p. ;
Dimensiones 23 cm.
490 1# - MENCIÓN DE SERIE
Mención de serie Monografías fundamentales de derecho privado y público ;
Designación de volumen o secuencia 36
700 1# - ENTRADA AGREGADA--NOMBRE PERSONAL
Nombre de persona Bonet Ramón, Francisco.
9 (RLIN) 30135
830 00 - PUNTO DE ACCESO ADICIONAL DE SERIE-TÍTULO UNIFORME
Título uniforme Monografías fundamentales de derecho privado y público
Designación de volumen o secuencia 36
9 (RLIN) 230222
852 ## - LOCALIZACIÓN
Ubicación ES-MaACL
Número de control de estantería C-11884
Sublocalización o colección R.40030
Holdings
Estatus retirado Estado de pérdida Estado de daño No para préstamo Biblioteca de origen Biblioteca actual Ubicación en estantería Fecha de adquisición Fuente de adquisición Total de préstamos Signatura topográfica completa Código de barras Visto por última vez Precio de reemplazo Tipo de ítem Koha
        Biblioteca del Ateneo de Madrid Biblioteca del Ateneo de Madrid Sala Palomar 17/01/2008     C-11884 1055543 23/02/2023 23/02/2023 Libro impreso